| 000 | 00572nam a2200217 a 4500 | ||
|---|---|---|---|
| 999 |
_c5756 _d5756 |
||
| 001 | 5756 | ||
| 003 | BD-JhCC | ||
| 005 | 20180103175409.0 | ||
| 008 | 171220s2010 i |||| ||a| 000 0 eng d | ||
| 035 | _a(BD-JhCC) 5756 | ||
| 040 |
_aBD-JhCC _dBD-JhCC |
||
| 041 | _aeng | ||
| 082 |
_a828.2 _bKLE 2010 |
||
| 100 | _aKleiser, Grenville | ||
| 245 |
_aBook of Prepositions / _c Grenville Kleiser |
||
| 260 |
_aIndia : _bA.P.H. PUBLISHING CORPORATION , _c2010 |
||
| 300 |
_a182 P .: _c22 cm. |
||
| 650 | _aEnglish Language, Preposition | ||
| 942 |
_2ddc _cBK |
||